Vzpomínky hejtmanice z nemocnice /

Hlavní autor: Emmerová, Milada, 1944-
Jazyk: Čeština
Vydáno: Plzeň : Nava, 2020
Vydání: Vydání první
Témata:
Fyzický popis: 197 stran, 28 nečíslovaných stran obrazových příloh : ilustrace (převážně barevné), portréty, faksimile ; 24 cm
Knihy
Uloženo v:
LEADER 01891nam a2200517 i 4500
001 nkc20203219041
003 CZ PrNK
005 20200720105846.0
007 ta
008 200519s2020 xr acfhe 000 0acze
015 |a cnb003219041 
020 |a 978-80-7211-565-5  |q (brožováno) 
035 |a (OCoLC)1200255955 
040 |a BOA001  |b cze  |d ABA001  |e rda 
043 |a e-xr--- 
045 |a x4y2 
072 7 |a 61  |x Lékařské vědy. Lékařství  |2 Konspekt  |9 14 
072 7 |a 929  |x Biografie  |2 Konspekt  |9 8 
080 |a 616.1/.6-055.2  |2 MRF 
080 |a 32-055.2  |2 MRF 
080 |a 929  |2 MRF 
080 |a (437.3)  |2 MRF 
080 |a (0:82-94)  |2 MRF 
100 1 |a Emmerová, Milada,  |d 1944-  |7 jn19981000977  |4 aut 
245 1 0 |a Vzpomínky hejtmanice z nemocnice /  |c Milada Emmerová 
250 |a Vydání první 
264 1 |a Plzeň :  |b Nava,  |c 2020 
300 |a 197 stran, 28 nečíslovaných stran obrazových příloh :  |b ilustrace (převážně barevné), portréty, faksimile ;  |c 24 cm 
336 |a text  |b txt  |2 rdacontent 
337 |a bez média  |b n  |2 rdamedia 
338 |a svazek  |b nc  |2 rdacarrier 
504 |a Obsahuje bibliografii 
600 1 7 |a Emmerová, Milada,  |d 1944-  |7 jn19981000977  |2 czenas 
648 7 |a 20.-21. století  |7 ch462155  |2 czenas 
648 4 |a 1944-2020 
650 0 7 |a internistky  |7 ph871141  |z Česko  |y 20.-21. století  |2 czenas 
650 0 7 |a političky  |7 ph216803  |z Česko  |y 20.-21. století  |2 czenas 
650 0 9 |a women internists  |z Czechia  |y 20th-21st centuries  |2 eczenas 
650 0 9 |a women politicians  |z Czechia  |y 20th-21st centuries  |2 eczenas 
655 7 |a autobiografické vzpomínky  |7 fd131854  |2 czenas 
655 9 |a autobiographical reminiscences  |2 eczenas 
910 2 |a BOA001  |b 2-1450.228 
990 |a BK 
995 |a 01 
991 |b 202007  |c NOV 
996 6 |b 2610829333  |c 2-1450.228  |l MZK  |r Sklad / do 1 hodiny  |n 0  |p p.v.  |w 001811386  |u 000010  |a 1  |e BOA001  |j MZK50  |s P